000
00299nam a2200121 a 4500
005
20140412111415.0
008
070718s19uu xx 00 eng d
050
_a
ER
_b
Fr92
245
_a
The frog Prince.
260
_a
Tokyo :
_b
Froebel-Kan.
440
_a
The world of fairy tales
999
_c
105818
_d
105818